000 00683nam a2200241 i 4500
001 C2-0322114
003 PPAK
005 20180728121124.0
008 130507s2008 su |||| ||||| | eng d
020 _a9789960295282
040 _aPPAK
_beng
_cPPAK
_erda
082 0 4 _a297.1
_223
090 0 0 _a297.1
_bZAR
_dR
100 1 _aZarabozo, Jamaal al-Din M.,
_eauthor
245 1 4 _aThe life, teachings and influence of Muhammad ibn Abdul Wahhab
264 1 _aRiyadh :
_bMinistry Of Islamic Affairs ,
_c2008
300 _a197 pages ;
_c17 cm
336 _2rdacontent
_atext
337 _2rdamedia
_aunmediated
338 _2rdacarrier
_avolume
650 1 0 _aIslam
942 _ddc
_cB
999 _c122486
_d122486